Ramayana Quiz - Statistics

General Stats
  • This quiz has been taken 155 times
  • The average score is 6 of 16
Answer Stats
Hint Answer % Correct
Who wrote Ramayana Valmiki
85%
Who is the son of Kaikeyi in Ramayan Bharat
84%
How many heads does Ravana had? 10
73%
Who advised Sugriva to seek Rama’s help to reclaim his kingdom? Hanuman
70%
Which is the kingdom of Ravana? Lanka
68%
What is the name of Lord Rama's kingdom? Ayodhya
61%
Who was the king of Kishkindha before Sugriva? Bali
36%
Who killed Indrajit, the son of Ravana? Lakshmana
34%
Who is the wife of Ravana? Mandodari
34%
Who is the brother of Ravana who always sleep? Kumbakarna
18%
What was the name of Rama and Sita’s sons? LavaKusha
17%
Who is the father of Lord Rama? Dasharata
10%
What is the name of Ravana’s flying chariot? Pushpaka vimana
9%
Who is the real mother of Sita? Bhoomi devi
8%
Which bird tried to stop Ravana while he was abducting Sita? Jadayu
7%
Who helped Lord Rama build the bridge to Lanka? Vanara army
5%
No matching quizzes found
Score Distribution
Percent of People with Each Score
Percentile by Number Answered
Your Score History
You have not taken this quiz